Villes européennes par définition (difficile) - Statistiques

Statistiques générales
  • Ce quiz a été pris 41 fois
  • Le résultat moyen est 3 sur 10
Statistiques - réponses
Description Ville % Correct
Ville sicilienne au pied de l’Etna, marquée par une histoire mouvementée et une architecture baroque noire unique due à la lave. Catane
79%
Ville emblématique des Balkans, célèbre pour son pont reconstruit (Stari Most) et son passé multiculturel. Mostar
48%
Ancienne capitale finlandaise, posée au bord de la mer Baltique, avec un château médiéval et une forte vie artistique. Turku
45%
Capitale des Asturies, nichée entre montagnes et mer, connue pour sa vieille ville, ses églises préromanes et sa tradition de cidre. Oviedo
38%
Capitale culturelle de la Voïvodine, célèbre pour son festival Exit, sa forteresse Petrovaradin surplombant le Danube, et son ambiance multiculturelle vibrante. Novi Sad
31%
Ville historique et universitaire, connue pour sa vieille place animée, ses marchés colorés et son rôle clé dans l’histoire polonaise. Poznań
31%
Ville francophone au confluent de la Meuse et de la Sambre, dominée par une citadelle imposante. Namur
24%
Ville romantique sur le Neckar, célèbre pour son château en ruine, son université historique et ses ruelles baroques. Heidelberg
17%
Capitale méconnue marquée par une architecture contrastée, entre anciens bazars, reconstructions modernes et monuments géants. Skopje
17%
Ville historique du sud des Pays-Bas, connue pour ses châteaux, ses canaux pittoresques et son rôle important durant la guerre de Quatre-Vingts Ans. Breda
10%
Aucun quiz correspondant
Distribution des résultats
% des personnes avec chaque résultat
Percentile par nombre de réponses
Votre historique - résultats
Vous n’avez pas pris ce quiz